| 000 | 00445ntaaa2200181 4500 | ||
|---|---|---|---|
| 003 | 01 | ||
| 005 | 20251027202447.0 | ||
| 008 | 0714s1973 ag 01 | ||
| 040 |
_aAR-BaBN _bspa _cAR-BaBN _eaacr _dRIC |
||
| 082 | _a266.0951 K29 | ||
| 100 |
_aKelsey, Alice Geer _917734 |
||
| 245 | _aAdventures with the Bible | ||
| 250 | _a1 ed. | ||
| 260 |
_aNY : _bFriendship Press, _cc1960 |
||
| 300 | _a128 p. | ||
| 500 | _ahistorias misioneras | ||
| 942 | _cBK | ||
| 999 |
_c19611 _d19611 |
||